000 00350nam a2200145Ia 4500
008 230917s9999||||xx |||||||||||||| ||und||
040 _e42576
_aMAIN
041 _aEnglish
082 _a942.082 R39T
100 _aRichards, Denis
245 0 _aTwentieth century Britain
260 _aLondon
_bLongman
_c1979
300 _axii, 467 p.
942 _cBK
999 _c221690
_d221690